000 00642cam a22002171 4500
001 sa 68006519
003 DLC
005 20260227112516.0
008 810428s1967 ii 000 1 tam
010 _asa 68006519
035 _a(OCoLC)21528234
040 _aDLC
_cNN
_dOCoLC
_dDLC
042 _apremarc
050 0 0 _aPL4758.9.J25
_bI47
100 0 _aJekacir̲piyan̲,
_d1925-1978.
245 1 0 _aIn̲iya neñcam.
_c[El̲utiyavar] Jekacir̲piyan̲. [1. patippu]
260 _aCen̲n̲ai,
_bVān̲ati Patippakam
_c[1967]
300 _a252 p.
_c18 cm.
500 _aIn Tamil.
500 _aA novel previously published in Tin̲amaṇi Katir.
999 _c81354
_d81354